MARC

LEADER 00000nam0a2200000 4500
001 377508
005 20231101052602.0
035 |a (RuTPU)RU\TPU\retro\34959 
035 |a RU\TPU\book\61573 
090 |a 377508 
100 |a 20230315d1985 m y0rusy50 ca 
101 0 |a rus 
102 |a RU 
105 |a a j 001zy 
200 1 |a Двигатели внутреннего сгорания  |e учебник  |f Под ред. В. Н. Луканина 
205 |a 2-е изд., перераб. и доп. 
210 |a Москва  |c Высшая школа  |d 1985 
215 |a 311 с.  |c ил. 
320 |a Библиогр.: с. 309 
610 1 |a двигатели внутреннего сгорания 
610 1 |a сжатие 
610 1 |a газообмен 
610 1 |a смесеобразование 
610 1 |a тепловой баланс 
610 1 |a экологические показатели 
610 1 |a питание 
610 1 |a наддув 
610 1 |a конструкции 
610 1 |a работа 
610 1 |a учебники 
675 |a 621.43(075.8)  |v 3 
702 1 |a Луканин  |b В. Н.  |g Валентин Николаевич  |4 340 
801 1 |a RU  |b 63413507  |c 20031127  |g PSBO 
801 2 |a RU  |b 63413507  |c 20230315  |g PSBO 
942 |c BK